000 00312nam a22001337a 4500
008 170703b xxu||||| |||| 00| 0 eng d
020 _a9780618170470
041 _aeng
080 _a82
100 _a22
101 _aGJL
245 _aTHE LANGUAGE PF LITERATURE AMERICAN
_cAPPLEBEE.A.,N
942 _2udc
_cBK
999 _c19826
_d19826